000 00709cam a2200229 4500
001 ABS62703
008 000000n2000 000 0 eng u
035 _a(Sirsi) u107806
100 _aBranson, C.
245 _aRevolution in customer relations
260 _c2000
490 _aThe Valuer
_v69(4) July/August 2000, 22-23(2)
520 _aDiscusses the changing needs of the call centre market. Looks at the impact of the Internet and flexibility in property provision. Case studies.
590 _aABS
650 _aCALL CENTRES
650 _aOCCUPIER NEEDS
650 _aE-COMMERCE
650 _aFLEXIBLE WORKING
650 _aINTERNET
690 _aPROPERTY-COMMERCIAL PROPERTY
942 _n0
999 _c64393
_d64393